| 000 | 00796cab a2200217 4500 | ||
|---|---|---|---|
| 001 | x92378 | ||
| 008 | 090401t1998 xxu||||| |||| 00| 0 eng d | ||
| 035 | _a(Sirsi) u87843 | ||
| 041 | _aeng | ||
| 245 | _aGbangbola and another v Smith & Sherrif Ltd | ||
| 260 | _c1998 | ||
| 350 | _a0 | ||
| 490 |
_aConstruction Industry Law Letter _v1998 CILL 1397-1400(4) |
||
| 520 | _aORB 20 March 1998. Obligation to exhaust arbitral process before application or appeal. Arbitrator`s duty to give parties opportunity to deal with arguments not advanced by either party. Finality of interim award. (Taken from headnote) | ||
| 650 | _aARBITRATION ACT 1996 S68 | ||
| 650 | _aARBITRATORS' AWARDS | ||
| 650 | _aINTERIM AWARD | ||
| 690 | _aARBITRATION-CASE LAW | ||
| 942 | _n0 | ||
| 948 | _c05/08/1998 | ||
| 999 |
_c55442 _d55442 |
||